000 00633nam a22002177a 4500
003 UA-OsUOA
001 100524
007 ta
008 20130528b un ||||| |||| 00| 0 ukr d
100 _aЛук'янов В.
090 _a330(477)
_bЛ84
942 _cSA
040 _aUA-OsUOA
_bukr
_cUA-OsUOA
_dUA-OsUOA
245 _aРинок деривативів та похідних фінансових інструментів: інноваційні різновиди
300 _aС.11-22
955 _a0
041 _aukr
080 _a330(477)
773 0 _w100521
650 7 _a330 Економіка взагалі
_2UDC
999 _c387165
_d387165